| 000 | 00434nam a2200169 i 4500 | ||
|---|---|---|---|
| 001 | 76573 | ||
| 003 | ES-MaACL | ||
| 005 | 20230906172902.0 | ||
| 007 | t| | ||
| 008 | 041004s1929 fr ||||1| spa d | ||
| 100 | 1 |
_aFocillon, Henri. _9205095 |
|
| 245 | 1 | 0 |
_aGuía Michelin _b: España-Portugal. |
| 260 |
_a[Paris : _bs.n., _c1929] ( _fImp. Kapp) |
||
| 300 |
_a766 p. ; _c20 cm. |
||
| 852 |
_aES-MaACL _jB-12280 |
||
| 999 |
_c76573 _d76573 |
||